00575nam a2200157Ia 4500008004100000100002700041245010300068245002700171260005900198260000900257650001800266650001500284856002600299999001900325952007300344170221s9999 xx 000 0 und d aAngelos Konstantinidis aWhat Types of Learning may occur through Casual Use of a Social Network Site?The Case of Facebook  cAngelos Konstantinidis bOnline Journal of Communication and Media Technologies c2016 xCommunication xMedia Arts uhttp://www.ojcmt.net/ c309110d309110 001040aCLbCLd2017-02-21l0r2017-02-21 00:00:00w2017-02-21yFOJ